| 000 | 00832cam a22002411 4500 | ||
|---|---|---|---|
| 001 | agr33000199 | ||
| 003 | DLC | ||
| 005 | 20260227110953.0 | ||
| 008 | 800814s1932 gw a b 000 0 ger | ||
| 010 | _aagr33000199 | ||
| 035 | _a(OCoLC)6617136 | ||
| 040 |
_aDLC _cNIC _dDLC |
||
| 042 | _apremarc | ||
| 050 | 0 | 0 |
_aSB745 _b.H33 |
| 100 | 1 |
_aHaselhoff, Emil, _d1862- |
|
| 245 | 1 | 0 |
_aEntstehung, erkennung und beurteilung von rauchschäden, _chrsg. von Prof. Dr. E. Haselhoff. Zusammen mit Prof. Dr. G. Bredemann und Dr. Jur. W. Haselhoff. |
| 260 |
_aBerlin, _bGebrüder Borntraeger, _c1932. |
||
| 300 |
_axii, 472 p. _billus. _c23 cm. |
||
| 504 | _a"Verzeichnis des schrifttums": p.[278]-284, [371]-392, [456]-460. | ||
| 650 | 0 |
_aPlants _xEffect of smoke on. |
|
| 700 | 1 |
_aBredemann, Gustav, _d1880- |
|
| 700 | 1 | _aHaselhoff, Wilhelm. | |
| 999 |
_c9570 _d9570 |
||